Vybrané kapitoly obchodních dovedností. I /

Hlavní autor: Hrubá, Daniela
Korporativní autor: Česká zemědělská univerzita v Praze. Provozně ekonomická fakulta
Další autoři: Regnerová, Marta
Jazyk: Čeština
Vydáno: Praha : Česká zemědělská univerzita, 2002
Vydání: Vyd. 1.
Témata:
Fyzický popis: 121 s. ; 29 cm
Knihy
Uloženo v:
LEADER 01383nam a2200373 a 4500
001 000654642
003 CZ BrMZK
005 20091009083111.0
007 ta
008 030221s2002 xr e p 000 0 cze d
020 |a 80-213-0988-1  |q (brož.) 
040 |a BOA001  |b cze 
072 7 |a 658  |x Řízení a správa podniku  |2 Konspekt  |9 4 
072 7 |a 37.016  |x Učební osnovy. Vyučovací předměty. Učebnice  |2 Konspekt  |9 22 
080 |a 659.144.1  |2 MRF 
080 |a 658.8  |2 MRF 
080 |a 339  |2 MRF 
080 |a (075.8)  |2 MRF 
100 1 |a Hrubá, Daniela  |7 mzk2003165622  |4 aut 
245 1 0 |a Vybrané kapitoly obchodních dovedností.  |n I /  |c Daniela Hrubá, Marta Regnerová 
250 |a Vyd. 1. 
260 |a Praha :  |b Česká zemědělská univerzita,  |c 2002 
300 |a 121 s. ;  |c 29 cm 
504 |a Obsahuje bibliografii 
521 |a Určeno pro všechny obory ČZU 
650 0 7 |a obchodní jednání  |7 ph123553  |2 czenas 
650 0 7 |a marketing  |7 ph115227  |2 czenas 
650 0 7 |a obchod  |7 ph115513  |2 czenas 
655 7 |a učebnice vysokých škol  |7 fd133772  |2 czenas 
700 1 |a Regnerová, Marta  |7 mzk2003165623  |4 aut 
710 2 |a Česká zemědělská univerzita v Praze.  |b Provozně ekonomická fakulta  |7 kn20010725055 
910 |a BOA001  |b 3-1116.093,1 
990 |a BK 
996 6 |b 2610185083  |c 3-1116.093,1  |l MZK  |r Sklad / do 1 hodiny  |n 4  |p p.v.  |w 000654642  |u 000010  |a 1  |e BOA001  |j MZK50  |s P